[Event "HUN-chT2 Erkel 1011"]
[Site "Hungary"]
[Date "2010.11.07"]
[Round "5.5"]
[White "Koczo, Kristof"]
[Black "Sillye, Kalman"]
[Result "1-0"]
[WhiteElo "2189"]
[BlackElo "2094"]
[PlyCount "39"]
[EventDate "2010.09.12"]
[EventType "team-tourn"]
[EventRounds "11"]
[EventCountry "HUN"]
[SourceTitle "EXT 2012"]
[Source "ChessBase"]
[SourceDate "2011.11.24"]
[SourceVersion "1"]
[SourceVersionDate "2011.11.24"]
[SourceQuality "1"]
[WhiteTeam "Budapest MTK"]
[BlackTeam "Foti"]
[WhiteTeamCountry "HUN"]
[BlackTeamCountry "HUN"]

1. d4 Nf6 2. c4 e5 3. dxe5 Ng4 4. Bf4 Nc6 5. Nf3 Bb4+ 6. Nbd2 Qe7 7. e3 0-0 8. Be2 Ngxe5 9. Nxe5 Nxe5 10. 0-0 Bxd2 11. Qxd2 b6 12. Qd5 Nc6 13. Bxc7 Re8 14. Rfd1 Ba6 15. Qxd7 Qxd7 16. Rxd7 Rac8 17. Rad1 f6 18. Bf3 Na5 19. Bd5+ Kh8 20. Bf7 1-0

[Event "HUN-chT2 Erkel 1011"]
[Site "Hungary"]
[Date "2010.09.26"]
[Round "2.5"]
[White "Sillye, Kalman"]
[Black "Murin, Janos"]
[Result "1/2-1/2"]
[WhiteElo "2094"]
[BlackElo "2231"]
[PlyCount "98"]
[EventDate "2010.09.12"]
[EventType "team-tourn"]
[EventRounds "11"]
[EventCountry "HUN"]
[SourceTitle "EXT 2012"]
[Source "ChessBase"]
[SourceDate "2011.11.24"]
[SourceVersion "1"]
[SourceVersionDate "2011.11.24"]
[SourceQuality "1"]
[WhiteTeam "Foti"]
[BlackTeam "Honved"]
[WhiteTeamCountry "HUN"]
[BlackTeamCountry "HUN"]

1. d4 Nf6 2. Nf3 g6 3. Bf4 Bg7 4. e3 d6 5. h3 0-0 6. Be2 Nbd7 7. Bh2 c5 8. c3 b6 9. Nbd2 Bb7 10. 0-0 Qc7 11. Qb1 Rac8 12. Rc1 Rfe8 13. a4 e6 14. b4 cxd4 15. cxd4 Qxc1+ 16. Qxc1 Rxc1+ 17. Rxc1 Rc8 18. Rxc8+ Bxc8 19. Bc4 a6 20. Kf1 Bb7 21. b5 a5 22. Ke2 Kf8 23. Kd3 Ke8 24. Ne1 e5 25. f3 Ke7 26. Nc2 exd4 27. exd4 d5 28. Bb3 Bf8 29. g4 Bg7 30. Ne3 Bf8 31. h4 Ke6 32. Ne4 Bb4 33. Nc3 Bxc3 34. Kxc3 h5 35. g5 Ne8 36. Ng2 Ng7 37. Nf4+ Ke7 38. Bxd5 Bxd5 39. Nxd5+ Ke6 40. Ne3 Ne8 41. d5+ Ke7 42. Nc4 f6 43. Bg1 fxg5 44. hxg5 h4 45. Bh2 Ng7 46. Nd6 Ne8 47. Ne4 Ng7 48. Nd6 Ne8 49. Ne4 Ng7 1/2-1/2

[Event "HUN-chT2 Erkel 1011"]
[Site "Hungary"]
[Date "2010.09.12"]
[Round "1.6"]
[White "Sillye, Kalman"]
[Black "Trajber, Csaba"]
[Result "1-0"]
[WhiteElo "2094"]
[BlackElo "2086"]
[PlyCount "111"]
[EventDate "2010.09.12"]
[EventType "team-tourn"]
[EventRounds "11"]
[EventCountry "HUN"]
[SourceTitle "EXT 2012"]
[Source "ChessBase"]
[SourceDate "2011.11.24"]
[SourceVersion "1"]
[SourceVersionDate "2011.11.24"]
[SourceQuality "1"]
[WhiteTeam "Foti"]
[BlackTeam "Vaci"]
[WhiteTeamCountry "HUN"]
[BlackTeamCountry "HUN"]

1. d4 d5 2. Nf3 Nf6 3. Bf4 e6 4. e3 Bd6 5. Bd3 c5 6. dxc5 Bxc5 7. c3 Nc6 8. Nbd2 Qe7 9. Ne5 Nxe5 10. Bxe5 Bd7 11. 0-0 0-0 12. Re1 Rad8 13. Qe2 Bc8 14. Rad1 Nd7 15. Bg3 f5 16. h3 Nf6 17. Be5 Nd7 18. Bh2 e5 19. Bc2 Kh8 20. Nb3 Bd6 21. Rxd5 Nf6 22. Rd2 Ne4 23. Bxe4 fxe4 24. Red1 Bc7 25. Rxd8 Rxd8 26. Rxd8+ Qxd8 27. Qd2 Qg5 28. Bg3 h5 29. h4 Qf5 30. Qd5 b6 31. Qc6 Qd7 32. Qg6 Qd1+ 33. Kh2 Bb7 34. Qe8+ Kh7 35. Bxe5 Bxe5+ 36. Qxe5 Qg4 37. Qg3 Qe2 38. Nd4 Qxb2 39. Qf4 Qxc3 40. Qf5+ Kg8 41. Qe6+ Kf8 42. Qd6+ Kg8 43. Qe7 Bc8 44. Qe8+ Kh7 45. Qxh5+ Kg8 46. Qd5+ Kh8 47. Qd8+ Kh7 48. Qe7 Qd2 49. Qf7 Bg4 50. h5 Qd1 51. Qg6+ Kh8 52. h6 gxh6 53. Qxh6+ Kg8 54. Qg6+ Kf8 55. Qxe4 Bd7 56. Qf4+ 1-0

[Event "HUN-chT2 Erkel 0910"]
[Site "Hungary"]
[Date "2010.02.14"]
[Round "6.5"]
[White "Halak, Miklos"]
[Black "Sillye, Kalman"]
[Result "1-0"]
[WhiteElo "2083"]
[BlackElo "2119"]
[PlyCount "71"]
[EventDate "2009.11.08"]
[EventType "team-tourn"]
[EventRounds "11"]
[EventCountry "HUN"]
[SourceTitle "EXT 2011"]
[Source "ChessBase"]
[SourceDate "2010.11.26"]
[SourceVersion "1"]
[SourceVersionDate "2010.11.26"]
[SourceQuality "1"]
[WhiteTeam "Foti"]
[BlackTeam "Godollo"]
[WhiteTeamCountry "HUN"]
[BlackTeamCountry "HUN"]

1. e4 c5 2. Nf3 Nc6 3. b3 d6 4. Bb5 Bd7 5. Bb2 e6 6. Qe2 Nf6 7. c3 Be7 8. 0-0 0-0 9. d4 d5 10. exd5 Nxd5 11. dxc5 Bxc5 12. c4 Nf6 13. Rd1 Qe7 14. Nc3 a6 15. Ba4 Rfd8 16. a3 Be8 17. Ne4 Nxe4 18. Qxe4 Rxd1+ 19. Rxd1 Bxa3 20. Bxa3 Qxa3 21. Ng5 g6 22. Qh4 h5 23. g4 Ne5 24. gxh5 Qe7 25. Kf1 Bxa4 26. bxa4 f6 27. Nh3 g5 28. Qe4 Rc8 29. Nxg5 Rxc4 30. Rd8+ Qxd8 31. Qh7+ Kf8 32. Nxe6+ Ke8 33. Qg8+ Kd7 34. Nxd8 Kc7 35. h6 Rg4 36. h7 1-0

[Event "HUN-chT2 Erkel 0910"]
[Site "Hungary"]
[Date "2009.12.06"]
[Round "3.6"]
[White "Czegledi, Laszlo"]
[Black "Sillye, Kalman"]
[Result "0-1"]
[WhiteElo "2172"]
[BlackElo "2119"]
[PlyCount "70"]
[EventDate "2009.11.08"]
[EventType "team-tourn"]
[EventRounds "11"]
[EventCountry "HUN"]
[SourceTitle "EXT 2011"]
[Source "ChessBase"]
[SourceDate "2010.11.26"]
[SourceVersion "1"]
[SourceVersionDate "2010.11.26"]
[SourceQuality "1"]
[WhiteTeam "Jaszbereny"]
[BlackTeam "Godollo"]
[WhiteTeamCountry "HUN"]
[BlackTeamCountry "HUN"]

1. e4 c5 2. d3 Nc6 3. g3 g6 4. Bg2 Bg7 5. f4 d6 6. Nf3 Nh6 7. 0-0 0-0 8. c3 Qb6 9. Kh1 Kh8 10. Na3 f5 11. Qc2 e6 12. Be3 Nf7 13. Rab1 Qd8 14. b4 cxb4 15. cxb4 Bd7 16. Qb3 Rc8 17. Rbc1 Qe7 18. Rfe1 fxe4 19. dxe4 e5 20. b5 Na5 21. Qd3 b6 22. Nd2 Be6 23. Nac4 Nb7 24. a4 Nc5 25. Qa3 Qb7 26. a5 d5 27. Nxe5 Nxe5 28. fxe5 Nxe4 29. Nxe4 dxe4 30. axb6 axb6 31. Qd6 Rxc1 32. Bxc1 Qd5 33. Bxe4 Qxd6 34. exd6 Re8 35. Bc6 Bd5+ 0-1